Inside the economists mind : (Record no. 3422)
[ view plain ]
| 000 -LEADER | |
|---|---|
| fixed length control field | 02668nac a22003011u 4500 |
| 090 ## - LOCALLY ASSIGNED LC-TYPE CALL NUMBER (OCLC); LOCAL CALL NUMBER (OCLC) | |
| -- | 3422 |
| 008 - FIXED-LENGTH DATA ELEMENTS--GENERAL INFORMATION | |
| fixed length control field | 080806t xxu||||| |||| 00| 0 eng d |
| 010 ## - LIBRARY OF CONGRESS CONTROL NUMBER | |
| LC control number | 2006017115 |
| 020 ## - INTERNATIONAL STANDARD BOOK NUMBER | |
| International Standard Book Number | 9781405157155 (hardcover : alk. paper) |
| 020 ## - INTERNATIONAL STANDARD BOOK NUMBER | |
| International Standard Book Number | 1405157151 (hardcover : alk. paper) |
| 082 00 - DEWEY DECIMAL CLASSIFICATION NUMBER | |
| Classification number | 330.0922 |
| Item number | Sa498 |
| 245 00 - TITLE STATEMENT | |
| Title | Inside the economists mind : |
| Remainder of title | the history of modern economic thought, as explained by those who produced it / |
| Statement of responsibility, etc | edited by Paul A. Samuelson and William A. Barnett. |
| 246 30 - VARYING FORM OF TITLE | |
| Title proper/short title | History of modern economic thought |
| 250 ## - EDITION STATEMENT | |
| Edition statement | 1st ed. |
| 260 ## - PUBLICATION, DISTRIBUTION, ETC. (IMPRINT) | |
| Place of publication, distribution, etc | Malden, MA : |
| Name of publisher, distributor, etc | Blackwell Pub.,2007 |
| Date of publication, distribution, etc | 2007. |
| 300 ## - PHYSICAL DESCRIPTION | |
| Extent | xxxvi, 419 p. : |
| Other physical details | ill. ; |
| Dimensions | 24 cm. |
| 504 ## - BIBLIOGRAPHY, ETC. NOTE | |
| Bibliography, etc | Includes bibliographical references. |
| 505 0# - FORMATTED CONTENTS NOTE | |
| Formatted contents note | History of thought introduction : economists talking with economists : an historian's perspective / E. Roy Weintraub -- An interview with Wassily Leontief / interviewed by Duncan K. Foley -- An interview with David Cass / interviewed jointly by Steven E. Spear and Randall Wright -- An interview with Robert E. Lucas, Jr. / interviewed by Bennett T. McCallum -- An interview with JaÌ?nos Kornai / interviewed by Olivier Blanchard -- An interview with Franco Modigliani / interviewed by William A. Barnett and Robert Solow -- An interview with Milton Friedman / interviewed by John B. Taylor -- An interview with Paul A. Samuelson / interviewed by William A. Barnett -- An interview with Paul A. Volcker / interviewed by Perry Mehrling -- An interview with Martin Feldstein / interviewed by James M. Poterba -- An interview with Christopher A. Sims / interviewed by Lars Peter Hansen -- An interview with Robert J. Shiller / interviewed by John Y. Campbell -- An interview with Stanley Fischer / interviewed by Olivier Blanchard -- An interview with Jacques DreÌ€ze / interviewed by Pierre Dehez and Omar Licandro -- An interview with Thomas J. Sargent / interviewed by George W. Evans and Seppo Honkapohja -- An interview with Robert Aumann / interviewed by Sergiu Hart -- Conversations with James Tobin and Robert J. Shiller on the Yale tradition in macroeconomics / conducted by David Colander. |
| 650 #0 - SUBJECT ADDED ENTRY--TOPICAL TERM | |
| Topical term or geographic name as entry element | Economists |
| Form subdivision | Interviews. |
| 650 #0 - SUBJECT ADDED ENTRY--TOPICAL TERM | |
| Topical term or geographic name as entry element | Economists |
| Form subdivision | Biography. |
| 650 #0 - SUBJECT ADDED ENTRY--TOPICAL TERM | |
| Topical term or geographic name as entry element | Economics. |
| 650 #0 - SUBJECT ADDED ENTRY--TOPICAL TERM | |
| Topical term or geographic name as entry element | Economics |
| General subdivision | History |
| Chronological subdivision | 20th century. |
| 700 1# - ADDED ENTRY--PERSONAL NAME | |
| Personal name | Samuelson, Paul Anthony, |
| Dates associated with a name | 1915- |
| 700 1# - ADDED ENTRY--PERSONAL NAME | |
| Personal name | Barnett, William A. |
| 856 41 - ELECTRONIC LOCATION AND ACCESS | |
| Materials specified | Table of contents only |
| Uniform Resource Identifier | <a href="http://www.loc.gov/catdir/toc/ecip0614/2006017115.html">http://www.loc.gov/catdir/toc/ecip0614/2006017115.html</a> |
| 942 ## - ADDED ENTRY ELEMENTS (KOHA) | |
| Item type | Book - Borrowing |
| Call number prefix | 330.0922Sa498 |
| Source of classification or shelving scheme | Dewey Decimal Classification |
| Withdrawn status | Item status | Source of classification or shelving scheme | Damaged status | Not for loan | Home library | Current library | Shelving location | Date acquired | Source of acquisition | Total Checkouts | Total Renewals | Full call number | Barcode | Checked out | Date last seen | Date last borrowed | Koha item type |
|---|---|---|---|---|---|---|---|---|---|---|---|---|---|---|---|---|---|
| Dewey Decimal Classification | Central Library | Central Library | First floor | 07/04/2010 | Purchase | 5 | 9 | 330.0922 INS | 000030061 | 23/11/2019 | 10/06/2018 | 10/06/2018 | Book - Borrowing |